[Event "III Open"]
[Site "Crema ITA"]
[Date "2001.09.07"]
[Round "1"]
[White "Malfagia, Andrea"]
[Black "Brunello, Sabino"]
[Result "0-1"]
[WhiteElo "2259"]
[BlackElo "1600"]
[PlyCount "62"]
[EventDate "2001.09.07"]

1. e4 e5 2. Nf3 Nc6 3. d4 exd4 4. Nxd4 Bc5 5. Be3 Qf6 6. c3 Nge7 7. Qd2 a6 8.
f4 Bxd4 9. cxd4 d5 10. e5 Qg6 11. Nc3 Nb4 12. Rc1 Bf5 13. Nb5 axb5 14. Qxb4 c6
15. Rg1 Bd3 16. g4 Qe4 17. Kd2 Bxf1 18. Rcxf1 Ra4 19. Qb3 Nc8 20. f5 Nb6 21.
Kc1 Nc4 22. Bg5 Qxd4 23. f6 gxf6 24. Bxf6 Qd2+ 25. Kb1 Rb4 26. e6 Rxb3 27. axb3
Qd3+ 28. Kc1 Qe3+ 29. Kc2 Qe2+ 30. Kc1 Ne3 31. exf7+ Kd7 0-1

[Event "III Open"]
[Site "Crema ITA"]
[Date "2001.09.07"]
[Round "1"]
[White "Massa, Salvenrico"]
[Black "Riva, Carlo"]
[Result "1/2-1/2"]
[WhiteElo "1840"]
[BlackElo "1498"]
[PlyCount "92"]
[EventDate "2001.09.07"]

1. c4 c5 2. Nc3 Nc6 3. e4 e5 4. d3 d6 5. h3 h6 6. Nge2 Nf6 7. g4 Be7 8. Bg2 b6
9. Be3 Rb8 10. Qd2 a6 11. O-O Bd7 12. f4 exf4 13. Nxf4 Ne5 14. Nfd5 Be6 15.
Nxe7 Qxe7 16. b3 Qd7 17. Nd5 Bxd5 18. cxd5 b5 19. d4 cxd4 20. Bxd4 Qe7 21. Rac1
O-O 22. Rc3 Rfc8 23. Rfc1 Rxc3 24. Qxc3 b4 25. Qg3 Nfd7 26. Rc2 f6 27. Qe3 Qd8
28. Bf1 a5 29. Be2 Rc8 30. Qc1 Rxc2 31. Qxc2 Qb8 32. Kf2 Kf7 33. Kg3 g5 34. Bc4
Qc8 35. Qe2 Nxc4 36. bxc4 Ne5 37. c5 dxc5 38. Bxe5 fxe5 39. Qb5 Qc7 40. Qa6 Kg7
41. Qe6 c4 42. d6 Qc5 43. Qe7+ Kg8 44. Kg2 Qd4 45. Qe6+ Kg7 46. Qe7+ Kg8
1/2-1/2

[Event "III Open"]
[Site "Crema ITA"]
[Date "2001.09.07"]
[Round "1"]
[White "Montani, Francesco"]
[Black "Cortese, Davide"]
[Result "1-0"]
[WhiteElo "2167"]
[BlackElo "1527"]
[PlyCount "33"]
[EventDate "2001.09.07"]

1. e4 c5 2. Nf3 e6 3. d3 Qc7 4. g3 Nc6 5. Bg2 Nf6 6. O-O a6 7. Nc3 Be7 8. h3 b5
9. e5 Nd5 10. Nxd5 exd5 11. Bf4 d6 12. exd6 Bxd6 13. Re1+ Be6 14. Ng5 Ne5 15.
Nxe6 fxe6 16. Bxe5 Bxe5 17. Qh5+ 1-0

[Event "III Open"]
[Site "Crema ITA"]
[Date "2001.09.07"]
[Round "1"]
[White "Pagnoncelli, Marco"]
[Black "Saccani, Ettore"]
[Result "1-0"]
[WhiteElo "2064"]
[BlackElo "1540"]
[PlyCount "59"]
[EventDate "2001.09.07"]

1. e4 e6 2. d4 d5 3. exd5 exd5 4. Nf3 Nf6 5. c4 c6 6. Nc3 Bb4 7. Bg5 O-O 8. Be2
Bg4 9. cxd5 cxd5 10. O-O Bxc3 11. bxc3 Nbd7 12. h3 Bh5 13. Qb3 Qc7 14. g4 Bg6
15. Bh4 Ne4 16. Rac1 Rac8 17. Qxd5 Nxc3 18. Rxc3 Qxc3 19. Qxd7 Rfe8 20. Ne5
Qxh3 21. Bg3 Qh6 22. Bc4 Rf8 23. Qxb7 Qd2 24. Nxg6 hxg6 25. Bxf7+ Kh7 26. Kg2
Rc1 27. Be5 Kh6 28. Rxc1 Qxc1 29. Qe7 Qc6+ 30. d5 1-0

[Event "III Open"]
[Site "Crema ITA"]
[Date "2001.09.07"]
[Round "1"]
[White "Rodella, Tommaso"]
[Black "Miatello, Alberto"]
[Result "0-1"]
[WhiteElo "1500"]
[BlackElo "1845"]
[PlyCount "42"]
[EventDate "2001.09.07"]

1. Nf3 Nf6 2. g3 g6 3. Bg2 Bg7 4. d4 d6 5. Nbd2 O-O 6. O-O Re8 7. c4 e5 8. e4
exd4 9. Re1 Nc6 10. Qc2 Bg4 11. Ng5 h6 12. e5 dxe5 13. Nge4 d3 14. Qb3 Nd4 15.
Nxf6+ Bxf6 16. Qxb7 Rb8 17. Qxa7 Nc2 18. Ne4 Nxe1 19. Nxf6+ Qxf6 20. Bxh6 Nxg2
21. Kxg2 Qf3+ 0-1

[Event "III Open"]
[Site "Crema ITA"]
[Date "2001.09.07"]
[Round "1"]
[White "Santandrea, Marco"]
[Black "Leoni, Fabrizio"]
[Result "0-1"]
[WhiteElo "1555"]
[BlackElo "2097"]
[PlyCount "92"]
[EventDate "2001.09.07"]

1. e4 c6 2. d4 d5 3. Nc3 dxe4 4. Nxe4 Nd7 5. Nf3 Ngf6 6. Nxf6+ Nxf6 7. Ne5 Bf5
8. Bc4 e6 9. O-O h6 10. c3 Bd6 11. Be3 Qc7 12. f4 Rd8 13. Qd2 O-O 14. Bd3 Bxd3
15. Nxd3 Ne4 16. Qe2 b6 17. Qf3 Nf6 18. Ne5 c5 19. Rac1 Nd5 20. Bd2 Rc8 21. Qg4
f5 22. Qf3 Bxe5 23. fxe5 cxd4 24. cxd4 Qd7 25. Qf2 Kh7 26. a3 Qa4 27. Rxc8 Rxc8
28. Rc1 Rxc1+ 29. Bxc1 Qd1+ 30. Qf1 Qxd4+ 31. Qf2 Qd1+ 32. Qf1 Qxf1+ 33. Kxf1
g5 34. g3 Kg6 35. Kf2 f4 36. g4 Kf7 37. Kf3 Ke7 38. Ke4 Kd7 39. Bd2 Kc6 40. b3
Kc5 41. Be1 a6 42. Bd2 a5 43. Be1 Ne3 44. Bf2 Kc6 45. h3 Nc2 46. a4 Na1 0-1

[Event "III Open"]
[Site "Crema ITA"]
[Date "2001.09.07"]
[Round "1"]
[White "Tencati, Giuseppe"]
[Black "Marchesotti, Giovanni"]
[Result "1/2-1/2"]
[WhiteElo "2099"]
[BlackElo "1564"]
[PlyCount "74"]
[EventDate "2001.09.07"]

1. d4 Nf6 2. c4 e6 3. Nf3 b6 4. Nc3 Bb7 5. Bg5 Be7 6. e3 O-O 7. Bd3 d5 8. cxd5
exd5 9. O-O Nbd7 10. Rc1 h6 11. Bh4 Ne4 12. Bxe7 Qxe7 13. Qb3 c6 14. a4 a5 15.
Bxe4 dxe4 16. Nd2 Ba6 17. Rfd1 Bd3 18. Na2 Rfc8 19. Nc4 Rab8 20. Rc3 Qe6 21.
Nc1 Bxc4 22. Rxc4 b5 23. axb5 Rxb5 24. Qc3 Nb6 25. Rc5 Na4 26. Qa3 Nxc5 27.
dxc5 Qc4 28. Na2 Qxc5 29. Qxc5 Rxc5 30. Nc3 Rc4 31. Kf1 Rb8 32. Rd2 a4 33. Nd1
c5 34. Ke1 Kf8 35. Rd7 Ke8 36. Ra7 Rd8 37. Nc3 Rd3 1/2-1/2

[Event "III Open"]
[Site "Crema ITA"]
[Date "2001.09.07"]
[Round "2"]
[White "Acunzo, Domenico"]
[Black "Giretti Kanev, Jasen"]
[Result "0-1"]
[WhiteElo "1773"]
[BlackElo "2178"]
[PlyCount "80"]
[EventDate "2001.09.07"]

1. e4 e6 2. d4 d5 3. Nc3 dxe4 4. Nxe4 Nf6 5. Nxf6+ gxf6 6. Be3 b6 7. Qf3 c6 8.
O-O-O Be7 9. Kb1 Bb7 10. Ne2 Na6 11. Nf4 Nb4 12. Qh5 Qd7 13. g3 Rf8 14. Bc4
O-O-O 15. h4 f5 16. Rhe1 Bf6 17. c3 b5 18. Bb3 Nd5 19. Nd3 Qc7 20. Nc5 Be7 21.
Bg5 Bxg5 22. Qxg5 f4 23. gxf4 Rg8 24. Qe5 Nxf4 25. Qxc7+ Kxc7 26. Re4 Nd5 27.
Bxd5 cxd5 28. Rf4 Rdf8 29. Re1 Bc8 30. Re3 Kd6 31. Ref3 Ke7 32. Nd3 f6 33. Kc2
h5 34. Nc1 Rg4 35. Ne2 Bd7 36. Ng3 Be8 37. Nf1 Bg6+ 38. Kd2 Be4 39. Rxg4 hxg4
40. Rg3 f5 0-1

[Event "III Open"]
[Site "Crema ITA"]
[Date "2001.09.07"]
[Round "2"]
[White "Bellani, Alessandro"]
[Black "Pagnoncelli, Marco"]
[Result "0-1"]
[WhiteElo "1684"]
[BlackElo "2064"]
[PlyCount "64"]
[EventDate "2001.09.07"]

1. d4 Nf6 2. Nd2 g6 3. e4 d6 4. f4 Bg7 5. Ngf3 O-O 6. Bd3 c5 7. d5 e6 8. c4 b5
9. dxe6 fxe6 10. cxb5 a6 11. Qe2 d5 12. O-O c4 13. Bc2 axb5 14. Ne5 d4 15. Bd1
Bb7 16. Rf3 Nbd7 17. Rh3 Nxe5 18. fxe5 Nh5 19. Qg4 Nf4 20. Nf3 Nxh3+ 21. Qxh3
Qe7 22. Be2 Rxf3 23. Bxf3 c3 24. bxc3 dxc3 25. Bf4 Bxe5 26. Bxe5 Qc5+ 27. Bd4
Qxd4+ 28. Kh1 Qe5 29. Qg3 Qxg3 30. hxg3 c2 31. Be2 Rxa2 32. Rc1 Bxe4 0-1

[Event "III Open"]
[Site "Crema ITA"]
[Date "2001.09.07"]
[Round "2"]
[White "Bonade', Massimo"]
[Black "Ausmins, Elmar"]
[Result "0-1"]
[WhiteElo "1798"]
[BlackElo "2345"]
[PlyCount "70"]
[EventDate "2001.09.07"]

1. d4 Nf6 2. c4 g6 3. Nc3 Bg7 4. e4 O-O 5. e5 Ne8 6. f4 d6 7. Nf3 Bg4 8. Be2
Nd7 9. Be3 c5 10. exd6 Nxd6 11. Ne5 Bxe2 12. Qxe2 Nf5 13. O-O-O cxd4 14. Bxd4
Qa5 15. Nxd7 Nxd4 16. Qxe7 Qf5 17. Rxd4 Bxd4 18. Nxf8 Qd3 19. Re1 Bxc3 20. bxc3
Qxc3+ 21. Kb1 Qd3+ 22. Ka1 Rxf8 23. Qe4 Qc3+ 24. Kb1 Rc8 25. Rc1 Qb4+ 26. Ka1
b5 27. Qb7 Rxc4 28. Rxc4 Qxc4 29. Qb8+ Kg7 30. Qe5+ f6 31. Qe7+ Kh6 32. Qe3
Qf1+ 33. Kb2 Qxg2+ 34. Ka3 a5 35. f5+ g5 0-1

[Event "III Open"]
[Site "Crema ITA"]
[Date "2001.09.07"]
[Round "2"]
[White "Bonazzi, Edoardo"]
[Black "Righini, Giovanni"]
[Result "1-0"]
[WhiteElo "2108"]
[BlackElo "1761"]
[PlyCount "63"]
[EventDate "2001.09.07"]

1. c4 Nf6 2. g3 g6 3. Bg2 d5 4. cxd5 Nxd5 5. Nc3 Nxc3 6. bxc3 Bg7 7. Rb1 Nc6 8.
Nh3 O-O 9. O-O Na5 10. Qa4 c6 11. c4 b6 12. d3 Bb7 13. Bd2 c5 14. Bxa5 Bxg2 15.
Kxg2 bxa5 16. Rb5 Qc7 17. Qxa5 Qc6+ 18. Kg1 Rfc8 19. Ng5 f5 20. Rfb1 h6 21. Nf3
e5 22. Rb7 e4 23. Ne1 Qe6 24. Rxa7 Bc3 25. Qa4 Rxa7 26. Qxa7 exd3 27. Nxd3 Qxe2
28. Qd7 Re8 29. Rb7 Qe6 30. Qh7+ Kf8 31. Nf4 Qe1+ 32. Kg2 1-0

[Event "III Open"]
[Site "Crema ITA"]
[Date "2001.09.07"]
[Round "2"]
[White "Brunello, Sabino"]
[Black "Bison, Beniamino"]
[Result "0-1"]
[WhiteElo "1600"]
[BlackElo "1932"]
[PlyCount "88"]
[EventDate "2001.09.07"]

1. e4 e6 2. d4 d5 3. e5 c5 4. c3 Nc6 5. Nf3 Bd7 6. a3 f6 7. b4 c4 8. Nbd2 Qc7
9. a4 Nh6 10. Ba3 Nf7 11. b5 Na5 12. Bxf8 Rxf8 13. exf6 gxf6 14. Qc2 Rh8 15. g3
e5 16. Bg2 O-O-O 17. O-O e4 18. Nh4 Nd6 19. Rfe1 f5 20. f4 Rde8 21. Nf1 Nb3 22.
Ra2 Kb8 23. Ne3 Be6 24. Bh3 Rhf8 25. Neg2 Qa5 26. Re3 Kc7 27. Qb2 Ra8 28. Ne1
Kd7 29. Bf1 a6 30. bxa6 bxa6 31. Kf2 Rab8 32. Qa3 Rb7 33. Nc2 Rfb8 34. Nb4 Rxb4
35. cxb4 Rxb4 36. Ng2 Nxd4 37. Ne1 Nc6 38. Nc2 Rb1 39. Qc3 Qxc3 40. Rxc3 d4 41.
Nxd4 Nxd4 42. Ke3 Nc6 43. Be2 Nb4 44. Rd2 Nd5+ 0-1

[Event "III Open"]
[Site "Crema ITA"]
[Date "2001.09.07"]
[Round "2"]
[White "Capata, Ion"]
[Black "Prati, Alessandro"]
[Result "1-0"]
[WhiteElo "1948"]
[BlackElo "1648"]
[PlyCount "97"]
[EventDate "2001.09.07"]

1. e4 c5 2. c3 d5 3. exd5 Qxd5 4. d4 Nf6 5. Nf3 Bg4 6. Be2 cxd4 7. cxd4 e6 8.
h3 Bb4+ 9. Nc3 Bxc3+ 10. bxc3 Bh5 11. Ba3 Ne4 12. Qa4+ Nc6 13. c4 Qa5+ 14. Qxa5
Nxa5 15. g4 Bg6 16. Rc1 f6 17. d5 Bf7 18. O-O b6 19. Bd3 Nc5 20. Bxc5 bxc5 21.
Rfe1 O-O-O 22. dxe6 Bxe6 23. Rxe6 Rxd3 24. Kg2 Rhd8 25. Ra6 Ra3 26. Rxa7 Rd7
27. Rxd7 Kxd7 28. Rc2 Nc6 29. Rd2+ Kc7 30. Rd5 Ra5 31. Nd2 Ne7 32. Rh5 Rxa2 33.
Ne4 h6 34. Rxc5+ Kb6 35. Rb5+ Kc6 36. Rb4 Rc2 37. Kf3 f5 38. gxf5 Nxf5 39. c5
Ne7 40. Rb6+ Kc7 41. Re6 Nc6 42. Ke3 Rc1 43. Rg6 Re1+ 44. Kf4 Nd4 45. Rxg7+ Kc6
46. Rg6+ Kd5 47. Rd6+ Kc4 48. Nd2+ Kxc5 49. Rxd4 1-0

[Event "III Open"]
[Site "Crema ITA"]
[Date "2001.09.07"]
[Round "2"]
[White "Drei, Andrea"]
[Black "Poletti, Fausto"]
[Result "1-0"]
[WhiteElo "2269"]
[BlackElo "1797"]
[PlyCount "51"]
[EventDate "2001.09.07"]

1. e4 c5 2. Nf3 Nc6 3. Nc3 Nf6 4. Bb5 d6 5. O-O Bd7 6. d4 cxd4 7. Nxd4 Nxd4 8.
Qxd4 g6 9. Bg5 Bg7 10. Bxd7+ Qxd7 11. Nd5 Nh5 12. Qb4 f6 13. Be3 O-O 14. Rad1
Rf7 15. f4 b6 16. f5 Bf8 17. Qb3 g5 18. e5 fxe5 19. Bxg5 Kg7 20. Qf3 Nf6 21.
Nxf6 exf6 22. Qxa8 fxg5 23. f6+ Kh6 24. Qe4 Qb7 25. Qg4 Qd7 26. Rf5 1-0

[Event "III Open"]
[Site "Crema ITA"]
[Date "2001.09.07"]
[Round "2"]
[White "Leoni, Fabrizio"]
[Black "Vecchia, Mario"]
[Result "1/2-1/2"]
[WhiteElo "2097"]
[BlackElo "1707"]
[PlyCount "78"]
[EventDate "2001.09.07"]

1. d4 Nf6 2. c4 c5 3. d5 e6 4. Nc3 exd5 5. cxd5 d6 6. Nf3 g6 7. e4 Bg7 8. Bd3
O-O 9. Qc2 Re8 10. O-O a6 11. a4 Nbd7 12. Bf4 Qe7 13. Rfe1 Nh5 14. Bg5 f6 15.
Be3 Ne5 16. Be2 Ng4 17. Bd2 Bh6 18. Bxh6 Nxh6 19. Nd2 Nf4 20. Nc4 Ng4 21. Bxg4
Bxg4 22. Qd2 Nh5 23. f3 Bd7 24. g4 Ng7 25. Qf4 Rad8 26. Nxd6 Bxg4 27. Nc4 Bh5
28. d6 Qf7 29. Nd5 f5 30. Ndb6 Ne6 31. Qe3 Nd4 32. e5 Nxf3+ 33. Kh1 Nxe1 34.
Rxe1 f4 35. Qe4 Qe6 36. Kg1 Qh3 37. Qd5+ Kh8 38. e6 Bf3 39. Qd2 Qg4+ 1/2-1/2

[Event "III Open"]
[Site "Crema ITA"]
[Date "2001.09.07"]
[Round "2"]
[White "Marchesotti, Giovanni"]
[Black "Bosi, Roberto"]
[Result "1/2-1/2"]
[WhiteElo "1564"]
[BlackElo "1434"]
[PlyCount "48"]
[EventDate "2001.09.07"]

1. b3 Nf6 2. Bb2 d5 3. e3 c5 4. Nf3 Nc6 5. Be2 e6 6. O-O Bd6 7. d3 O-O 8. Nbd2
Re8 9. a3 e5 10. c4 d4 11. e4 Nh5 12. Nxe5 Nxe5 13. Bxh5 Nxd3 14. Bxf7+ Kxf7
15. Qf3+ Nf4 16. g3 Qg5 17. h4 Qg6 18. e5 Bg4 19. Qxf4+ Kg8 20. exd6 Rad8 21.
Rfe1 Rf8 22. Qg5 Qxg5 23. hxg5 Rxd6 24. Bc1 Rf7 1/2-1/2

[Event "III Open"]
[Site "Crema ITA"]
[Date "2001.09.07"]
[Round "2"]
[White "Masotti, Roberto"]
[Black "Cappa, Enrico"]
[Result "1-0"]
[WhiteElo "1639"]
[BlackElo "1470"]
[PlyCount "83"]
[EventDate "2001.09.07"]

1. Nf3 Nf6 2. c4 g6 3. Nc3 Bg7 4. e4 d6 5. d4 O-O 6. Be2 c5 7. O-O Bg4 8. Be3
cxd4 9. Nxd4 Bxe2 10. Qxe2 Nc6 11. Rfd1 Nxd4 12. Bxd4 Nd7 13. Bxg7 Kxg7 14. Rd2
f5 15. exf5 Rxf5 16. Nd5 Re5 17. Qg4 Nf6 18. Nxf6 exf6 19. Rad1 Qe7 20. h3 Re1+
21. Kh2 Rxd1 22. Qxd1 Rd8 23. Rd5 Qc7 24. b3 b6 25. Qe2 Kf7 26. g3 Re8 27. Qd2
Re6 28. Qd3 Qe7 29. b4 Re2 30. Kg2 Qe4+ 31. Qxe4 Rxe4 32. Rxd6 Rxc4 33. Rd7+
Kg8 34. a3 Rc3 35. Rxa7 f5 36. a4 Rc4 37. b5 f4 38. a5 bxa5 39. b6 Rb4 40. b7
fxg3 41. Kxg3 Rb3+ 42. Kg2 1-0

[Event "III Open"]
[Site "Crema ITA"]
[Date "2001.09.07"]
[Round "2"]
[White "Miatello, Alberto"]
[Black "Festa, Samuele"]
[Result "1-0"]
[WhiteElo "1845"]
[BlackElo "1642"]
[PlyCount "59"]
[EventDate "2001.09.07"]

1. e4 c6 2. d4 d5 3. e5 Bf5 4. Nf3 e6 5. c4 dxc4 6. Bxc4 Nd7 7. Nc3 Nb6 8. Bb3
Ne7 9. O-O Ned5 10. Qe2 Be7 11. Ne4 Bxe4 12. Qxe4 h5 13. h4 Qc7 14. Bd2 Bb4 15.
a3 Bxd2 16. Nxd2 O-O-O 17. Rfc1 Ne7 18. a4 a5 19. Nf3 Nf5 20. Bc4 Nxc4 21. Rxc4
Rd7 22. b4 axb4 23. Rxb4 Qa5 24. Rab1 Qd5 25. Qc2 Re8 26. Rb5 Nxd4 27. Nxd4
Qxd4 28. Qxc6+ Kd8 29. Rxb7 Rxb7 30. Qxb7 1-0

[Event "III Open"]
[Site "Crema ITA"]
[Date "2001.09.07"]
[Round "2"]
[White "Poretti, Ennio"]
[Black "Montani, Francesco"]
[Result "0-1"]
[WhiteElo "1671"]
[BlackElo "2167"]
[PlyCount "58"]
[EventDate "2001.09.07"]

1. e4 Nf6 2. e5 Nd5 3. d4 d6 4. c4 Nb6 5. f4 dxe5 6. fxe5 Nc6 7. Be3 Bf5 8. Nf3
e6 9. Bd3 Bg4 10. O-O Be7 11. Nc3 f5 12. exf6 Bxf6 13. d5 Ne5 14. Be2 Nxf3+ 15.
Bxf3 Bxf3 16. Rxf3 O-O 17. Rh3 exd5 18. Qh5 h6 19. Bxh6 Qe8 20. Qg4 Qd7 21. Qg3
Nxc4 22. Bf4 Qf5 23. Ne2 Rae8 24. Qf3 Rxe2 25. Qxe2 Bd4+ 26. Be3 Nxe3 27. Rxe3
Qf4 28. Re1 Re8 29. Qf2 Rxe3 0-1

[Event "III Open"]
[Site "Crema ITA"]
[Date "2001.09.07"]
[Round "2"]
[White "Riva, Carlo"]
[Black "Tencati, Giuseppe"]
[Result "0-1"]
[WhiteElo "1498"]
[BlackElo "2099"]
[PlyCount "98"]
[EventDate "2001.09.07"]

1. e4 e6 2. d4 d5 3. exd5 exd5 4. Bd3 Nf6 5. Qe2+ Qe7 6. Qxe7+ Bxe7 7. h3 Nc6
8. c3 Bd6 9. Ne2 Ne4 10. Bf4 f5 11. Bxd6 Nxd6 12. Nf4 Ne7 13. Nd2 g5 14. Ne2
Bd7 15. O-O-O O-O-O 16. g3 h6 17. f4 Ne4 18. Rdf1 Rdg8 19. Bxe4 dxe4 20. fxg5
hxg5 21. c4 Rh6 22. Rh2 b5 23. b3 Bc6 24. Ng1 e3 25. Ndf3 f4 26. gxf4 gxf4 27.
Ne5 Rf6 28. d5 Be8 29. Ne2 Rgf8 30. Ng4 f3 31. Nxf6 Rxf6 32. Rhh1 bxc4 33. bxc4
Bg6 34. Nd4 f2 35. Kb2 Be4 36. Rh2 Bd3 37. Rhh1 Bxc4 38. Rc1 e2 39. Nxe2 Bxe2
40. Rc2 f1=Q 41. Rxf1 Bxf1 42. h4 Nxd5 43. h5 Bd3 44. Rh2 Rh6 45. Kb3 c5 46.
Rd2 c4+ 47. Ka4 Rxh5 48. a3 c3 49. Rd1 Bc2+ 0-1

[Event "III Open"]
[Site "Crema ITA"]
[Date "2001.09.07"]
[Round "2"]
[White "Sartorio, Diego"]
[Black "Ceresoli, Luigi"]
[Result "0-1"]
[WhiteElo "1721"]
[BlackElo "2176"]
[PlyCount "60"]
[EventDate "2001.09.07"]

1. e4 e5 2. Nf3 Nc6 3. d4 exd4 4. Nxd4 Nf6 5. Nxc6 bxc6 6. e5 Ne4 7. Qf3 Ng5 8.
Qg3 Ne6 9. Bd3 d5 10. O-O Nc5 11. Bg5 Qd7 12. Rd1 Qg4 13. Nc3 Qxg3 14. hxg3 h6
15. Be3 h5 16. Be2 Bf5 17. Bd3 Bd7 18. Be2 Be7 19. f3 Ne6 20. Bf2 g5 21. Rd2
Bf8 22. Bd3 Bb4 23. Bf5 Nf8 24. Bxd7+ Nxd7 25. Bd4 c5 26. e6 cxd4 27. exd7+
Kxd7 28. Rxd4 Bc5 29. Rad1 Bxd4+ 30. Rxd4 c6 0-1

[Event "III Open"]
[Site "Crema ITA"]
[Date "2001.09.07"]
[Round "2"]
[White "Scarpellini, Felice"]
[Black "Rodella, Tommaso"]
[Result "0-1"]
[WhiteElo "1648"]
[BlackElo "1500"]
[PlyCount "94"]
[EventDate "2001.09.07"]

1. c4 e5 2. Nc3 Nf6 3. g3 c6 4. Bg2 d5 5. cxd5 cxd5 6. d4 e4 7. e3 Bb4 8. Nge2
O-O 9. O-O Bg4 10. Qb3 Nc6 11. a3 Bxc3 12. Nxc3 Rb8 13. Bd2 a6 14. f3 Na5 15.
Qc2 exf3 16. Bxf3 Bxf3 17. Rxf3 Re8 18. Raf1 Rc8 19. Qf5 h6 20. Qh3 Rc6 21. Qg2
Nc4 22. Bc1 Nxa3 23. Nxd5 Qxd5 24. bxa3 Re7 25. Rf5 Qxg2+ 26. Kxg2 Rc2+ 27.
R5f2 Rxf2+ 28. Rxf2 Rc7 29. Bb2 Ne4 30. Re2 f5 31. Kf3 Kf7 32. g4 Ng5+ 33. Kf4
fxg4 34. Kxg4 Re7 35. h4 Ne4 36. Kf4 g5+ 37. hxg5 hxg5+ 38. Kf3 Kg6 39. Rg2 Kf5
40. Rh2 Rc7 41. Rg2 Nf6 42. Re2 g4+ 43. Kg2 Ne4 44. Kg1 g3 45. Re1 Rc2 46. Rf1+
Kg4 47. Rf4+ Kh3 0-1

[Event "III Open"]
[Site "Crema ITA"]
[Date "2001.09.07"]
[Round "2"]
[White "Schingaro, Angelo"]
[Black "Folcini, Gaddo"]
[Result "1-0"]
[WhiteElo "1573"]
[BlackElo "1365"]
[PlyCount "69"]
[EventDate "2001.09.07"]

1. Nf3 e5 2. Nxe5 Nf6 3. d4 Be7 4. c4 d6 5. Nf3 O-O 6. Nc3 Bg4 7. e3 Nbd7 8. h3
Bh5 9. Be2 Bg6 10. O-O Nh5 11. e4 f5 12. e5 dxe5 13. dxe5 f4 14. Nd4 Nxe5 15.
Bxh5 Bxh5 16. Qxh5 Qxd4 17. Rd1 Nd3 18. Qd5+ Qxd5 19. Nxd5 Bc5 20. Rxd3 Rad8
21. Rf3 c6 22. Nxf4 Rd1+ 23. Kh2 g5 24. Rd3 Rf1 25. Ne6 Bxf2 26. Nxf8 Bg1+ 27.
Kg3 Bf2+ 28. Kg4 Kxf8 29. Rf3+ Kg7 30. b3 Kg6 31. Rxf2 Rxf2 32. Be3 Rxg2+ 33.
Kf3 Rh2 34. Kg4 Re2 35. Bxa7 1-0

[Event "III Open"]
[Site "Crema ITA"]
[Date "2001.09.07"]
[Round "2"]
[White "Valsecchi, Luca"]
[Black "Malfagia, Andrea"]
[Result "1-0"]
[WhiteElo "1449"]
[BlackElo "2259"]
[PlyCount "77"]
[EventDate "2001.09.07"]

1. d4 Nf6 2. Nf3 e6 3. e3 b6 4. Bd3 Bb7 5. Nbd2 Be7 6. O-O O-O 7. e4 d6 8. e5
dxe5 9. dxe5 Nd5 10. Re1 Nd7 11. Nb3 Nb4 12. Be4 Bxe4 13. Rxe4 Nxe5 14. Bd2
Nxf3+ 15. Qxf3 Nd5 16. Rd1 Qe8 17. Rg4 f5 18. Rg3 Bd6 19. Rh3 Nf6 20. Bc3 Ne4
21. Qe2 Rd8 22. Rhd3 Nxc3 23. Rxc3 e5 24. Rcd3 e4 25. Rd5 Qe6 26. R5d2 f4 27.
Nd4 Qg6 28. Qc4+ Qf7 29. Qxf7+ Kxf7 30. Nf5 Ke6 31. Nxg7+ Kf6 32. Nh5+ Kg6 33.
g4 Rde8 34. Rd4 Rf7 35. h4 e3 36. Rxd6+ cxd6 37. Rxd6+ Re6 38. Rxe6+ Rf6 39.
Rxf6# 1-0

[Event "III Open"]
[Site "Crema ITA"]
[Date "2001.09.07"]
[Round "2"]
[White "Volpati, Antonio"]
[Black "Mussap, Angelo"]
[Result "0-1"]
[WhiteElo "1419"]
[BlackElo "1825"]
[PlyCount "90"]
[EventDate "2001.09.07"]

1. e4 c5 2. Nf3 d6 3. h3 Nf6 4. d3 h6 5. Be2 Nc6 6. O-O e5 7. c4 Be6 8. Nc3 Qd7
9. Be3 g5 10. a3 g4 11. hxg4 Nxg4 12. Nh2 h5 13. Nd5 Be7 14. Rb1 Rg8 15. b4
Nxh2 16. Kxh2 cxb4 17. axb4 h4 18. b5 Nd4 19. b6 Bxd5 20. cxd5 axb6 21. Bxd4
exd4 22. Rxb6 Bf6 23. Qb3 Ra7 24. Rb1 Be5+ 25. Kh1 Ke7 26. Rxb7 Rxb7 27. Qxb7
Qxb7 28. Rxb7+ Kf6 29. Bh5 Rg7 30. Rb1 Kg5 31. Be2 f6 32. Rf1 Rc7 33. Rd1 Rc2
34. Bf3 Rxf2 35. Kg1 Bg3 36. Rf1 Rd2 37. Rd1 Rb2 38. Rf1 Kf4 39. Bh5+ Ke3 40.
Rxf6 Rb1+ 41. Rf1 Bf2+ 42. Kh2 Rxf1 43. e5 Bg3+ 44. Kh3 Kf4 45. exd6 Rh1# 0-1

[Event "III Open"]
[Site "Crema ITA"]
[Date "2001.09.08"]
[Round "3"]
[White "Ausmins, Elmar"]
[Black "Manzoni, Alessandro"]
[Result "0-1"]
[WhiteElo "2345"]
[BlackElo "2053"]
[PlyCount "146"]
[EventDate "2001.09.07"]

1. d4 d5 2. c4 e6 3. Nc3 Nf6 4. Nf3 c6 5. Bg5 Nbd7 6. e3 Qa5 7. Nd2 Bb4 8. Qc2
O-O 9. Be2 Bxc3 10. bxc3 dxc4 11. Bxf6 Nxf6 12. Nxc4 Qg5 13. O-O Ng4 14. f4 Qh4
15. Bxg4 Qxg4 16. Ne5 Qf5 17. e4 Qf6 18. Rf3 Qe7 19. Qf2 f6 20. Qh4 Re8 21. Rh3
g5 22. fxg5 fxe5 23. Rf1 Bd7 24. Rf6 Rf8 25. dxe5 Be8 26. g6 Rxf6 27. exf6 Qc5+
28. Kh1 Bxg6 29. Rf3 Qd6 30. h3 Qd1+ 31. Kh2 Qd6+ 32. Kh1 Rd8 33. e5 Qd2 34.
Kh2 Rd3 35. Rxd3 Qxd3 36. Qh6 Qd7 37. h4 Qf7 38. Qg5 Kf8 39. Qd2 Qc7 40. Qh6+
Ke8 41. Qf4 Qa5 42. Qg3 Qxa2 43. h5 Bf7 44. Qg7 Qd5 45. Qh8+ Kd7 46. Qb8 c5 47.
c4 Qc6 48. Qxa7 Bxh5 49. Qa3 Kc7 50. Qh3 Bg6 51. Qh6 Qe4 52. Qg5 Kd7 53. Qd2+
Qd4 54. Qg5 Qxc4 55. Qh6 Qe4 56. Qg7+ Kc6 57. f7 Qf4+ 58. Kg1 Qxf7 59. Qh8 Qd7
60. Qf6 c4 61. Kh2 Qd5 62. Qh8 Kc5 63. Qc8+ Kd4 64. g3 c3 65. Qa8 c2 66. Qa1+
Kd3 67. Qf1+ Kd2 68. Qf4+ Kc3 69. Qe3+ Qd3 70. Qc5+ Kd2 71. Qb4+ Kd1 72. Qa4
Qd2+ 73. Kh3 Bf5+ 0-1

[Event "III Open"]
[Site "Crema ITA"]
[Date "2001.09.08"]
[Round "3"]
[White "Biava, Pierluigi"]
[Black "Bellani, Alessandro"]
[Result "0-1"]
[WhiteElo "1525"]
[BlackElo "1684"]
[PlyCount "72"]
[EventDate "2001.09.07"]

1. e4 c5 2. Nf3 d6 3. c3 Nf6 4. Be2 Nc6 5. d3 g6 6. h3 Bg7 7. Bf4 O-O 8. O-O e5
9. Be3 Re8 10. Qc2 Kh8 11. Na3 Ng8 12. Ng5 Qe7 13. Qd2 h6 14. Nf3 f5 15. Qc2 f4
16. Bd2 Be6 17. Kh2 g5 18. Ng1 Qd7 19. Rfd1 Nf6 20. Bf1 g4 21. Be1 Rg8 22. f3
h5 23. Qd2 Bh6 24. Nc2 Qg7 25. h4 d5 26. b4 Rad8 27. Qe2 cxb4 28. cxb4 Nd7 29.
b5 Nd4 30. Nxd4 exd4 31. Rac1 Ne5 32. Bb4 dxe4 33. Rc5 gxf3 34. Qxe4 Ng4+ 35.
Kh1 Nf2+ 36. Kh2 Qg3# 0-1

[Event "III Open"]
[Site "Crema ITA"]
[Date "2001.09.08"]
[Round "3"]
[White "Bison, Beniamino"]
[Black "Bonazzi, Edoardo"]
[Result "1-0"]
[WhiteElo "1932"]
[BlackElo "2108"]
[PlyCount "57"]
[EventDate "2001.09.07"]

1. d4 Nf6 2. c4 c5 3. d5 b5 4. cxb5 a6 5. b6 e6 6. Nc3 Nxd5 7. Nxd5 exd5 8.
Qxd5 Nc6 9. e4 Be7 10. Bc4 O-O 11. Ne2 Rb8 12. O-O Rxb6 13. Qh5 d6 14. Nf4 Ne5
15. Qe2 Nxc4 16. Qxc4 Bg5 17. Rd1 Rb4 18. Qd5 Bb7 19. Qxd6 Rxe4 20. Qxd8 Rxd8
21. Rxd8+ Bxd8 22. Be3 f5 23. Nd3 Bf6 24. Nxc5 Re7 25. Rd1 Rc7 26. Nxb7 Rxb7
27. b3 Kf7 28. Rd5 Ke6 29. Ra5 1-0

[Event "III Open"]
[Site "Crema ITA"]
[Date "2001.09.08"]
[Round "3"]
[White "Bosi, Roberto"]
[Black "Masotti, Roberto"]
[Result "0-1"]
[WhiteElo "1434"]
[BlackElo "1639"]
[PlyCount "94"]
[EventDate "2001.09.07"]

1. d4 d5 2. c4 c6 3. Nf3 Nf6 4. Nc3 e6 5. Bg5 dxc4 6. a4 Bb4 7. Qc2 Nbd7 8. e4
Qa5 9. Bd2 b5 10. Be2 Bb7 11. O-O Qb6 12. Be3 Bxc3 13. bxc3 c5 14. Nd2 a6 15.
Rfb1 Qc6 16. Bf3 O-O 17. e5 Nd5 18. Ne4 f6 19. Nd6 fxe5 20. Nxb7 Qxb7 21. axb5
axb5 22. Rxa8 Rxa8 23. Be4 exd4 24. cxd4 N7f6 25. Bf3 Qa6 26. dxc5 b4 27. Be2
Nc3 28. Rxb4 Qa1+ 29. Bf1 Ra2 30. Rb8+ Kf7 31. Rb7+ Ke8 32. Rb8+ Kd7 33. Qc1
Qxc1 34. Bxc1 Ra1 35. c6+ Kxc6 36. f3 Rxc1 37. Kf2 Ncd5 38. Rc8+ Kb5 39. Rb8+
Ka4 40. Ra8+ Kb3 41. Rb8+ Nb4 42. Rb7 c3 43. Rc7 c2 44. Bc4+ Kb2 45. Rb7 Nfd5
46. Bxd5 exd5 47. Rxb4+ Kc3 0-1